| 000 | 00746nam a22002297a 4500 | ||
|---|---|---|---|
| 010 | _aB-063102 | ||
| 020 | _a8172249403 | ||
| 035 | _aB-063102 | ||
| 037 | _bCen Lib / Ret | ||
| 040 |
_aDPL _bEN |
||
| 082 |
_a152.4 _bMCK |
||
| 100 |
_aMcKay, Gary D. _9140254 |
||
| 245 |
_aThe power of emotional choice / _cby Gary D. McKay [and] Don Dinkmeyer |
||
| 260 |
_aMumai _bJaico Publishers House _c1994 |
||
| 270 |
_a121, Mahatma Gandhi _bMumai |
||
| 300 |
_a278p ; _c27cm(Hb) |
||
| 650 |
_aRational choice theory. _9140255 |
||
| 650 |
_aBUSINESS & ECONOMICS -- Economics -- General. _9140256 |
||
| 650 |
_aBUSINESS & ECONOMICS -- Reference. _9140257 |
||
| 700 |
_aDinkmeyer, Don _9140258 |
||
| 942 |
_2ddc _cEN _h152.4 _mMCK |
||
| 999 |
_c136290 _d136290 |
||